| 000 | 00508nam a2200181 a 4500 | ||
|---|---|---|---|
| 001 | 000024939 | ||
| 005 | 20200930023448.0 | ||
| 008 | 110208s1942 sp r 000 0 spa d | ||
| 040 |
_aDO-SdBNP _bspa _cBNPHU |
||
| 082 |
_axxxxx _bC719P |
||
| 100 | 1 |
_aPoch Noguer, José _951186 |
|
| 245 | 1 | 0 |
_aCristobal Colón / _cJosé Poch Noguer. |
| 250 | _a2a ed. | ||
| 260 |
_aBarcelona, España : _bJuventud, _c1942. |
||
| 300 |
_a141 p. ; _c22 cm. |
||
| 500 | _aIncluye notas al pie de las páginas. | ||
| 049 | _aBNGR | ||
| 999 |
_c24432 _d24432 |
||